000
00325nam a22001097a 4500
008
150601b xxu||||| |||| 00| 0 eng d
020
_a
0070479097
041
0
_a
eng
080
_a
658
245
1
0
_a
Handbook of material & capacity requirements planning /
942
_2
udc
_c
BK
999
_c
958
_d
958